भटकती रूह की समृतिया/ (Record no. 201924)
[ view plain ]
| 000 -LEADER | |
|---|---|
| fixed length control field | 00916nam a22002177a 4500 |
| 005 - DATE AND TIME OF LATEST TRANSACTION | |
| control field | 20240404170431.0 |
| 010 ## - LCCN (DPL NO) | |
| LC control number | HIN-127263 |
| 020 ## - INTERNATIONAL STANDARD BOOK NUMBER | |
| International Standard Book Number | 9788195134441 |
| Terms of availability | 295.00 |
| 035 ## - SYSTEM CONTROL NUMBER | |
| System control number | HN-99609 |
| 037 ## - SOURCE OF ACQUISITION | |
| Source of stock number/acquisition | DBAD |
| 082 ## - DEWEY DECIMAL CLASSIFICATION NUMBER | |
| Edition number | उ |
| 100 ## - MAIN ENTRY--PERSONAL NAME | |
| Personal name | नईमी,मिखाइल |
| 245 ## - TITLE STATEMENT | |
| Title | भटकती रूह की समृतिया/ |
| Statement of responsibility, etc | मिखाइल नईमी;जंग बहादुर गोयल और नीलम गोयल |
| 250 ## - EDITION STATEMENT | |
| Edition statement | 1 |
| 260 ## - PUBLICATION, DISTRIBUTION, ETC. (IMPRINT) | |
| Place of publication, distribution, etc | पंचकूला हरियाणा |
| Name of publisher, distributor, etc | आधार प्रकाशन |
| Date of publication, distribution, etc | 2021 |
| 270 ## - ADDRESS | |
| Address | एस सी एफ 267 सेक्टर 16 पंचकूला |
| City | हरियाणा |
| Postal code | 134113 |
| 300 ## - PHYSICAL DESCRIPTION | |
| Extent | 120 पृ; |
| Dimensions | 23 cm(सजिल्द) |
| 700 ## - ADDED ENTRY--PERSONAL NAME | |
| Personal name | गोयल,जंग बहादुर |
| 9 (RLIN) | 64296 |
| 700 ## - ADDED ENTRY--PERSONAL NAME | |
| Personal name | गोयल,नीलम |
| 9 (RLIN) | 64297 |
| 942 ## - ADDED ENTRY ELEMENTS (KOHA) | |
| Source of classification or shelving scheme | Dewey Decimal Classification |
| Item type | Hindi Books |
| Classification part | उ |
| Call number suffix | नईमी |
| Withdrawn status | Lost status | Not for loan | Collection code | Home library | Current library | Date acquired | Source of acquisition | Cost, normal purchase price | Full call number | Barcode | Copy number | Cost, replacement price | Koha item type |
|---|---|---|---|---|---|---|---|---|---|---|---|---|---|
| Fiction | Bawana | Bawana | 04/04/2024 | DBAD | 295.00 | उ नईमी | HN-99609 | 1 | 295.00 | Hindi Books |
